LEADER 01391nam a2200229 i 4500 001 000000167900 003 CaOOAMICUS 005 20090414000000.0 008 090414n xx u000 u lat u 013 $a145300 040 $aSeMil$bita 245 10$aAcademicarum quaestionum libri duo ; De finibus bonorum et malorum libri quinque ; Tusculanarum quaestionum libri quinque ; Curavit Petrus Victorius. 260 $a[S.l.] :$b[s.n.],$c[15--?] 300 $a7,5 x 12 ;$cpp. 622 ;$cgr. e rom. 500 $aManca il frontespizio con tutte le note tipografiche. - L'edizione è quasi certamente cinquecentina. - La legatura in pelle, molto rovinata, porta impresso in oro il giglio di Firenze. - Descrizione da : Incunaboli e Cinquecentine della Biblioteca del Seminario di Milano / catalogo a cura di Ubaldo Valentini, Milano 1981. - Numero di catalogo : 1703. 700 0 $aCicero, Marcus Tullius,$d<106-43 a.C.>.$0(OLS)http://semarc/name/659 850 $aSeMil 852 $aSeMil$W1$xVenegono$y1$mFV.B I 21 ^$j119036$B119036$CSeMilBibl$Z2$F129870 $86 900 0 $aCicerone, Marco Tullio. 996 $6245$aAcademicarum quaestionum libri duo ; De finibus bonorum et malorum libri quinque ; Tusculanarum quaestionum libri quinque ; Curavit Petrus Victorius$9(OLS)http://semarc/title/240247 996 $6260$a[S.l.] :$b[s.n.]$9(OLS)http://semarc/publisher/34126 LEADER 01136nam a2200241 i 4500 001 000000228045 003 CaOOAMICUS 005 20240419113837.0 008 140314s1969 gw u000 u ger u 013 $a206947 040 $aSeMil$bita 100 1 $aSaebo, Magne,$d<1929- >.$0(OLS)http://semarc/name/65201 245 10$aSacharja 9-14 :$bUntersuchungen von Text und Form /$cMagne Saebo. 264 1$aNeukirchen-Vluyn :$bNeukirchener,$c1969. 300 $a365 p. ;$c24 cm. 490 0 $aWissenschaftliche Monographien zum Alten und Neuen Testament ;$v34. 650 4$aBibbia. Antico Testamento. Zaccaria - Commentari, studi, critica, interpretazioni.$0(OLS)http://semarc/subject/1410 830 0$aWissenschaftliche Monographien zum Alten und Neuen Testament ;$v34.$0(OLS)http://semarc/title/114 850 $aSeMil 852 $aSeMil$W1$xVenegono$y1$m2XA T 34$j247735$B178391$CSeMilBibl$Z2$F189138 $81 996 $6245$aSacharja 9-14 :$bUntersuchungen von Text und Form$9(OLS)http://semarc/title/326411 996 $6264$aNeukirchen-Vluyn :$bNeukirchener$9(OLS)http://semarc/publisher/29645 LEADER 01473nam a2200325 i 4500 001 000000190031 003 CaOOAMICUS 005 20210331113109.0 008 100526s2010 it u000 u ita u 013 $a168384 020 $a978-88-16-40940-8 040 $aSeMil$bita 100 1 $aPanikkar, Raimon,$d<1918-2010>.$0(OLS)http://semarc/name/777 245 10$a8: Visione trinitaria e cosmoteandrica: Dio-uomo-cosmo /$cRaimon Panikkar. 264 1$aMilano :$bJaca Book,$c2010. 300 $aXVI, 345 p. ;$c24 cm. 490 0 $aDi fronte e attraverso ;$v940 650 4$aUniverso - Filosofia.$0(OLS)http://semarc/subject/20954 650 4$aDivinità.$0(OLS)http://semarc/subject/11082 650 4$aUomo - Concezione filosofica.$0(OLS)http://semarc/subject/14257 650 4$aTrinità - Religioni - Studio comparato.$0(OLS)http://semarc/subject/35831 773 0 $aPanikkar, Raimon <1918-2010>$tOpera omnia.$dMilano : Jaca Book, 2008.$g8$w()17743 830 0$aDi fronte e attraverso ;$v940.$0(OLS)http://semarc/title/6486 850 $aSeMil 852 $aSeMil$W1$xVenegono$y1$m2R V 278$j140662$B140662$CSeMilBibl$Z2$F152237 $81 961 $aAcquisto: Jaca Book 996 $6020$a978-88-16-40940-8$9(OLS)http://semarc/number/180858 996 $6245$a8: Visione trinitaria e cosmoteandrica: Dio-uomo-cosmo$9(OLS)http://semarc/title/273716 996 $6264$aMilano :$bJaca Book$9(OLS)http://semarc/publisher/29781